000 01272nam a2200265 a 4500
999 _c423536
_d423536
003 BLK
005 20240730084216.0
008 210712b bu |||||r|||| 00| | bu d
040 _aBLK
041 _aBUL
_cBUL
080 _aБългарска литература
_b821.163.2
_x(081)
_z821.163.2(081)
100 _aЯворов, Пейо Крачолов
_d1878 - 1914
_qКрачолов, Пейо Тотев
_9245003
139 _aЯворов, Пейо Крачолов
245 _aСъчинения
_bТ. 1-5
_cПейо Крачолов Яворов; под ред. на Владимир Василев
_nТ. 4
_pСвобода или смърт ; Статии върху Македонския въпрос.
250 _a2. изд
260 _9209594
_aСофия
_bХемус
_c1939-1940
_fСофия : Едисон
_n954-428-
300 _c19 см
380 _aX
700 _9871
_aВасилев, Владимир
_eпод ред. на
760 _dСофия, 1940
_h184 с., 2 л. : портр., 3 л. : факс
_oТ. 4
_tСвобода или смърт ; Статии върху Македонския въпрос.
852 _aЦб 8.185.3802
_bО
942 _cKNG
_n0
_s1
944 _aCR
_c2021-07-12
_k30545
_lНора Радева
999 _d423535